000 00558nam a2200181Ia 4500
999 _c20209
_d20209
003 OSt
005 20200702145055.0
008 190216s9999||||xx |||||||||||||| ||und||
020 _a9780710205506
040 _coclc
082 _a947.084
_bFER/B
100 _aFerro, Marc
_93417
245 4 _aThe Bolshevik Revolution A Social History Of The Russian Revolution /
_cMarc Ferro
260 _bRoutledge & Kegan Paul,
_c1980.
_aLondon:
300 _a345p
650 _aWorld History
942 _cBK
_2ddc
_h947.084
_iFER/B
_k947.084
_mFER/B